LEADER 00927nam a2200217 i 4500 001 000000243970 003 CaOOAMICUS 005 20200706084910.0 008 150727s1766 it u000 u ita u 013 $a222875 026 $aseta 7574 iadi dirj (3) 1766 (R) 040 $aSeMil$bita 245 10$a5. 300 $a[12], 384 p. 773 0 $aSormani, Giammaria$tAmbrogiano pastore, cioè ragionamenti, e selve di cose predicabili sopra i Vangeli domenicali, secondo il rito della Santa Chiesa milanese. Aggiunta in fine la concordanza coi Vangeli del rito comune. Opera del M.R. .. Giammaria Sormani.$dIn Milano : Nella Stamperia di Pietro Francesco Malatesta, 1744-1766.$g5$w()32275 850 $aSeMil 852 $aSeMil$W1$xVenegono$y1$m3E V 98 FA$j194316$B194316$CSeMilBibl$Z2$F204939 $8I 941 1 $a10 961 $aRecupero: Mantegazza 996 $6245$a5$9(OLS)http://semarc/title/57540 LEADER 00673nam a2200181 i 4500 001 000000228679 003 CaOOAMICUS 005 20140409000000.0 008 140409s1919 it u000 u lat u 013 $a207581 040 $aSeMil$bita 245 13$aDe nomine, prononime, etc., de propositione. 300 $a119 p. 700 1 $aJoüon, Paul.$0(OLS)http://semarc/name/6115 773 0 $aJoüon, Paul$tSyntaxis hebraica.$dRomae : Pontificii Instituti Biblici, 1916.$g2$w()29686 850 $aSeMil 852 $aSeMil$W1$xVenegono$y1$m2Y V 101$j179025$B179025$CSeMilBibl$Z2$F190101 $81 996 $6245$aDe nomine, prononime, etc., de propositione$9(OLS)http://semarc/title/327296